Most Famous Constellations - Statistics

General Stats
  • This quiz has been taken 910 times
  • The average score is 14 of 22
Answer Stats
% constellation % Correct
74 Leo
86%
83 Orion
86%
68 Gemini
82%
69 Cancer
81%
67 Taurus
79%
60 Virgo
77%
59 Aquarius
76%
46 Capricornus
76%
47 Pisces
76%
43 Scorpius
76%
66 Ursa Major
76%
62 Ursa Minor
75%
62 Libra
74%
59 Aries
73%
68 Sagitta/rius
70%
38 Andromeda
48%
41 Cassiopeia
41%
25 Canis Major
40%
26 Southern Cross
37%
27 Pegasus
35%
29 Hercules
34%
28 Draco
32%
No matching quizzes found
Score Distribution
Percent of People with Each Score
Percentile by Number Answered
Your Score History
You have not taken this quiz